Normal view
MARC view
- البلاغة -الوافي في تيسير البلاغة
Entry Topical Term
001 - CONTROL NUMBER
- control field: 33847
003 - CONTROL NUMBER IDENTIFIER
- control field: JO-AjAnu
005 - DATE AND TIME OF LATEST TRANSACTION
- control field: 20230606075656.0
008 - FIXED-LENGTH DATA ELEMENTS
- fixed length control field: 230606|| aca||aabn | a|a d
040 ## - CATALOGING SOURCE
- Original cataloging agency: JO-AjAnu
- Transcribing agency: JO-AjAnu
150 ## - HEADING--TOPICAL TERM
- Topical term or geographic name entry element: البلاغة -الوافي في تيسير البلاغة
670 ## - SOURCE DATA FOUND
- Source citation: Work cat.: (JO-AjAnu)17385: الشيخ،حمدي, author 33846, الوافي في تيسير البلاغة (البديع-البيان-المعاني)